| 000 | 00449nam a22001217a 4500 | ||
|---|---|---|---|
| 999 |
_c18839 _d18839 |
||
| 008 | 210223b xxu||||| |||| 00| 0 eng d | ||
| 050 |
_aGMMF1359 _b.M87 2020 c.1 |
||
| 100 | _aMurage, Joy Wambui | ||
| 245 |
_aTowards Whole person healthcare for female sex workers in Bomet county, Kenya _bidentify the unmet health needs _cJoy Wambui Murage |
||
| 260 |
_aKabarak, Nakuru, Kenya _bKabarak University _c2020 |
||
| 300 | _a151 leaves | ||
| 942 |
_2lcc _cTHE |
||